000 00898nam a22003017a 4500
003 CHAP
005 20220329135523.0
008 971013s r 00010 d
010 _a37967
011 _a38939
035 _a43059
040 _cCHAP
082 _a635.9
_bQ8
100 0 0 _aQuintanar Arellano, Francisco.
_993387
245 _aParques y jardines
260 _a(s.l.) :
_b(s.e.),
_c(s.a.)
300 _a346 p.
_b: ilus.
590 _aBATCH-UPD
_b10
_c20130110
_lUCH01
_h1224
590 _aBATCH-UPD
_b10
_c20130410
_lUCH01
_h0757
590 _aBATCH-UPD
_b10
_c20130914
_lUCH01
_h1420
590 _aCONVERSION
_b10
_c20130109
_lUCH01
_h1321
650 1 4 _aFloricultura.
_941822
650 1 4 _aJardinería.
_961143
901 _aBK
942 _cLIBRO
949 _a635.9 Q8
_bBC
_cLIBRO
_d-98904
_eLIBRO
_h28467
_i43059
_sm
949 _a635.9 Q8
_bBC
_cLIBRO
_d-98905
_eLIBRO
_fc.2
_h29896
_i43059
_si
999 _c37967
_d37967